000 00707nam a22002657a 4500
001 BR0003468
003 BR-BrBNA
005 20230928100718.0
007 ta
008 230509b bl.||||| |||| 00| 0 por d
040 _aBR-BrBNA
_bpor
_cBiblioteca Nacional de Agricultura
041 _a(Por)
072 _aE70
_b0430
090 _ 0430 BR0003468
110 1 _aBolsa de Mercadorias de Sao Paulo, Sao Paulo (Brasil)
_91275
245 1 _aAlgodao: mercados disponivel e futuro
260 3 _aSao Paulo, SP (Brasil):
_c[nd].
300 _a28 p.
500 _a6 illus.; 11 tables
650 _aAlgodao
650 _aPreco
650 _aMercado
909 _a202309
_bLucia
_c55
_dLucia Elande
942 _cBK
999 _c62455
_d62455